|
|
|
|
| LEADER |
01231nam a22003374a 4500 |
| 001 |
35428 |
| 003 |
BD-DhAAL |
| 005 |
20211130124005.0 |
| 008 |
190929t2001 cau b 001 0 eng d |
| 999 |
|
|
|c 41447
|d 41447
|
| 010 |
|
|
|a 2001002014
|
| 020 |
|
|
|a 0787953954 (alk. paper)
|
| 020 |
|
|
|a 9780787953959
|
| 040 |
|
|
|a DLC
|c DLC
|d DLC
|d BD-DhAAL
|
| 042 |
|
|
|a pcc
|
| 050 |
0 |
0 |
|a LB2806
|b .F794 2001
|
| 082 |
0 |
0 |
|a 371.2
|2 21
|
| 100 |
1 |
|
|a Fullan, Michael.
|9 35497
|
| 245 |
1 |
0 |
|a Leading in a culture of change /
|c Michael Fullan.
|
| 250 |
|
|
|a First edition
|
| 260 |
|
|
|a San Francisco :
|b Jossey-Bass,
|c c2001.
|
| 300 |
|
|
|a xiii, 162 pages ;
|c 24 cm.
|
| 504 |
|
|
|a Includes bibliographical references (pages 139-144) and index.
|
| 526 |
|
|
|a BIED
|
| 541 |
|
|
|a Complimentary copy from BIED
|e 35428
|
| 650 |
|
0 |
|a Educational leadership.
|9 35498
|
| 650 |
|
0 |
|a School management and organization.
|9 35499
|
| 650 |
|
0 |
|a Educational change.
|9 35500
|
| 852 |
|
|
|a Ayesha Abed Library
|c BIED Collection
|
| 942 |
|
|
|2 ddc
|c BK
|
| 952 |
|
|
|0 0
|1 0
|2 ddc
|4 0
|6 371_200000000000000_FUL
|7 0
|9 66552
|a BRACUL
|b BRACUL
|c GEN
|d 2019-09-29
|e Complimentary copy from BIED
|l 0
|o 371.2 FUL
|p 3010035428
|r 2019-09-29
|t 1
|w 2019-09-29
|y BK
|x Transferred from BIED to General Stacks
|